000 00746nam a22002057a 4500
003 NALT
005 20250818221613.0
008 231117b th ||||| |||| 00| 0 tha d
040 _aNALT
100 0 _962137
_aอาริตา
245 1 0 _aกุหลาบแห่งเซเนีย /
_cอาริตา.
_h[electronic resource]
260 _aกรุงเทพฯ :
_bแสงดาว,
_cม.ป.ป.
300 _aOnline resource
650 4 _96428
_aนวนิยายไทย
850 _aNALT
856 4 0 _uhttps://ebook.parliament.go.th/ebookall/detail/434137
_zE-Book
942 _cEBK
996 _achunbijaya.r
_bCATSTF
_c2023-11-17
999 _c103839
_d103839
998 _j25
_k นีลวัสน์ อินทรักษา